000 00523ntaaa2200181 4500
003 01
005 20251027201348.0
008 0714s1973 ag 01
040 _aAR-BaBN
_bspa
_cAR-BaBN
_eaacr
_dRIC
082 _a225 M546
100 _aWeymouth, Richard Francis
_912022
245 _aThe resultant greek testament /
_cRichard Francis Weymouth
260 _a[S.l.] :
_b[s.n.],
_c1892
500 _aBAJA PATRIMONIAL POR OBSOLESCENCIA 20190301 INV.000762
650 _aBiblia
_9468
650 _aNuevo Testamento
942 _cBK
999 _c8145
_d8145